000
00324nam a2200133Ia 4500
008
240624s9999 xx 000 0 und d
041
_a
eng
082
_a
332.6 ICF
100
_a
ICFAI
245
_a
PORTFOLIO MANAGEMENT WORKBOOK
260
_c
2004
_a
Hyderabad
_b
ICFAI press
300
_a
484 : p. : cm. ; 27
365
_c
RS
_b
30
999
_c
9431
_d
9431